书目信息 |
| 题名: |
液固两相流量的电磁检测理论
|
|
| 作者: | 高颂 著 | |
| 分册: | ||
| 出版信息: | 北京 中国水利水电出版社 2019 |
|
| 页数: | 179页 | |
| 开本: | 24cm | |
| 丛书名: | ||
| 单 册: | ||
| 中图分类: | O359 | |
| 科图分类: | ||
| 主题词: | 液固分离--Ye Gu Fen Li--两相流动--电磁流量计--研究 | |
| 电子资源: | ||
| ISBN: | 978-7-5170-7293-5 | |
| 000 | 01083nam0 2200265 450 | |
| 001 | 012001003662 | |
| 005 | 20131105095835.0 | |
| 010 | @a978-7-5170-7293-5@dCNY54.00 | |
| 092 | @aCN@b20190303K-0240 | |
| 099 | @aCAL 012019061206 | |
| 100 | @a20190509d2019 ekmy0chiy50 ea | |
| 101 | 0 | @achi |
| 102 | @aCN@b110000 | |
| 105 | @aak ao 000yy | |
| 106 | @ar | |
| 200 | 1 | @a液固两相流量的电磁检测理论@AYe Gu Liang Xiang Liu Liang De Dian Ci Jian Ce Li Lun@f高颂著 |
| 210 | @a北京@c中国水利水电出版社@d2019 | |
| 215 | @a179页@c图@d24cm | |
| 320 | @a有书目 (第168-179页) | |
| 330 | @a本书介绍液固两相流量的电磁检测基本原理和相关理论研究,包括液固两相流的相关理论体系、液固两相流体流量测量时的主要问题、当前国内外对这些问题的研究现状,以及针对这些问题的深入研究。书中内容主要是作者的理论研究成果和实验、仿真数据,根据这些成果和数据给出了电磁流量传感器改进方案以及对改进方案的实验验证。 | |
| 606 | 0 | @a液固分离@AYe Gu Fen Li@x两相流动@x电磁流量计@x研究 |
| 690 | @aO359@v5 | |
| 701 | 0 | @a高颂@AGao Song@4著 |
| 801 | 0 | @aCN@b上海新华@c20191020 |
| 905 | @b1206173-5@dO359@e17@f3 | |
| 液固两相流量的电磁检测理论/高颂著.-北京:中国水利水电出版社,2019 |
| 179页:图;24cm |
| ISBN 978-7-5170-7293-5:CNY54.00 |
| 本书介绍液固两相流量的电磁检测基本原理和相关理论研究,包括液固两相流的相关理论体系、液固两相流体流量测量时的主要问题、当前国内外对这些问题的研究现状,以及针对这些问题的深入研究。书中内容主要是作者的理论研究成果和实验、仿真数据,根据这些成果和数据给出了电磁流量传感器改进方案以及对改进方案的实验验证。 |
| ● |
| 相关链接 |
|
|
|
|
正题名:液固两相流量的电磁检测理论
索取号:O359/17
 
预约/预借
| 序号 | 登录号 | 条形码 | 馆藏地/架位号 | 状态 | 备注 |
| 1 | 1206173 | 212061739 | 第二样本阅览室/ [索取号:O359/17] | 在馆 | |
| 2 | 1206174 | 212061748 | 第三借阅区/ [索取号:O359/17] | 在馆 | |
| 3 | 1206175 | 212061757 | 第三借阅区/ [索取号:O359/17] | 在馆 |